000 00496pab a2200181 454500
008 180718b2005 xxu||||| |||| 00| 0 eng d
100 _aRosenbloom, David H.
245 _aOutsourcing the constitution and administrative law norms
260 _c2005
300 _ap.103-21.
362 _aJun
650 _aConstitutions
650 _aOutsourcing
650 _aAdministrative law
700 _aPiotrowski, Suzanne J.
773 _aAmerican Review of Public Administration
909 _a65502
999 _c65502
_d65502